| 000 | 01002nam a2200193 a 4500 | ||
|---|---|---|---|
| 001 | 2571 | ||
| 003 | CO-ViMGA | ||
| 008 | 141112s2004 ck r 000 u spa d | ||
| 040 |
_aCO-ViMGA _bspa _cCO-ViMGA |
||
| 082 | 0 | 4 | _aR001.64 A673 |
| 245 | 1 | 0 | _aAprendiendo y practicando la computación básica |
| 260 |
_aMexico : _bFernández, _c1987 |
||
| 300 | _a6 v | ||
| 505 | _aVolumen 1 Las máquinas, Las partes de la computadora 15 - - Volumen 2 Que es una computadora, Cómo clasificar los programas de computación 25 - - Volumen 3 Programas de computación, Los pasos en un programa 35 - - Volumen 4 : El lenguaje de la computadora, Los programas en BASIC 55 - - Volumen 5 Cómo utilizar los signos de la comptadora, Cómo darle un nombre a un programa 65 - - Volumen 6 Juegos de la computadora, Cómo usar los conocimientos 75 | ||
| 590 | _aDatos de inventario : 04880, 04871, 04872, 04873, 04874, 04875 | ||
| 650 | 1 | 4 |
_aBASICA - COMPUTACION _951550 |
| 650 | 1 | 4 |
_aCOMPUTACION _95430 |
| 942 |
_2ddc _cBK |
||
| 999 |
_c14648 _d14648 |
||